MARC details
| 000 -LEADER |
| fixed length control field |
00596cam a2200181 4500 |
| 001 - CONTROL NUMBER |
| control field |
WS107497 |
| 008 - FIXED-LENGTH DATA ELEMENTS--GENERAL INFORMATION |
| fixed length control field |
000000n 000 0 eng u |
| 035 ## - SYSTEM CONTROL NUMBER |
| System control number |
(Sirsi) u107497 |
| 245 ## - TITLE STATEMENT |
| Title |
Housing Today |
| 520 ## - SUMMARY, ETC. |
| Summary, etc. |
Online version of this journal for the social housing industry including a searchable index, news stories and job adverts. |
| 650 0# - SUBJECT ADDED ENTRY--TOPICAL TERM |
| Topical term or geographic name entry element |
JOURNALS |
| 650 ## - SUBJECT ADDED ENTRY--TOPICAL TERM |
| Topical term or geographic name entry element |
EMPLOYMENT |
| 650 0# - SUBJECT ADDED ENTRY--TOPICAL TERM |
| Topical term or geographic name entry element |
JOB ADVERTISEMENTS |
| 650 ## - SUBJECT ADDED ENTRY--TOPICAL TERM |
| Topical term or geographic name entry element |
RESIDENTIAL |
| 690 ## - LOCAL SUBJECT ADDED ENTRY--TOPICAL TERM (OCLC, RLIN) |
| Topical term or geographic name as entry element |
HOUSING |
| 856 40 - ELECTRONIC LOCATION AND ACCESS |
| Uniform Resource Identifier |
<a href="https://www.housingtoday.org.uk">https://www.housingtoday.org.uk</a> |
| Public note |
View the website free of charge at www.housingtoday.org.uk... |
| 942 ## - ADDED ENTRY ELEMENTS (KOHA) |
| Suppress in OPAC |
0 |